| 000 | 02129nam a22004577a 4500 | ||
|---|---|---|---|
| 003 | CHAP | ||
| 005 | 20220329143752.0 | ||
| 008 | 110801s2009 us a r 00010 eng d | ||
| 010 | _a101673 | ||
| 011 | _a102645 | ||
| 020 | _a9780387758886 | ||
| 035 | _a113334 | ||
| 040 | _cCHAP | ||
| 082 | 0 | 4 |
_a600.115 _bEn19 |
| 245 | 0 | 0 |
_aEncyclopedia of complexity and systems science _c/editado por Robert A. Meyers |
| 260 |
_aNew York : _bSpringer, _c2009 |
||
| 300 |
_a11 v. : _bilus., gráfs. |
||
| 500 | _aCon 4300 figuras y 420 tablas. | ||
| 505 | 0 | _aContiene indice. | |
| 590 |
_aBATCH-UPD _b10 _c20130110 _lUCH01 _h1434 |
||
| 590 |
_aBATCH-UPD _b10 _c20130410 _lUCH01 _h0909 |
||
| 590 |
_aBATCH-UPD _b10 _c20130914 _lUCH01 _h0351 |
||
| 590 |
_aCONVERSION _b10 _c20130109 _lUCH01 _h1356 |
||
| 650 | 1 | 4 |
_aAnálisis de sistemas. _95976 |
| 650 | 1 | 4 |
_aEnciclopedias y diccionarios. _936750 |
| 650 | 1 | 4 |
_aIngeniería de sistemas. _958218 |
| 700 | 0 |
_aMeyers, Robert A. _975306 |
|
| 901 | _aBK | ||
| 942 | _cLIBRO | ||
| 949 |
_a600.115 En19 _bBC _cC _d33724002246702 _eC _fv.11 _gI. 258511 _h115439 _i113334 _sb _t$78,532.22 |
||
| 949 |
_a600.115 En19 _bBC _cC _d33724002246728 _eC _fv.1 _gI. 258511 _h115422 _i113334 _sb _t$78,532.22 |
||
| 949 |
_a600.115 En19 _bBC _cC _d33724002246743 _eC _fv.10 _gI. 258511 _h115438 _i113334 _sb _t$78,532.22 |
||
| 949 |
_a600.115 En19 _bBC _cC _d33724002246769 _eC _fv.2 _gI. 258511 _h115423 _i113334 _sb _t$78,532.22 |
||
| 949 |
_a600.115 En19 _bBC _cC _d33724002246785 _eC _fv.9 _gI. 258511 _h115437 _i113334 _sb _t$78,532.22 |
||
| 949 |
_a600.115 En19 _bBC _cC _d33724002246801 _eC _fv.3 _gI. 258511 _h115424 _i113334 _sb _t$78,532.22 |
||
| 949 |
_a600.115 En19 _bBC _cC _d33724002246827 _eC _fv.8 _gI. 258511 _h115436 _i113334 _sb _t$78,532.22 |
||
| 949 |
_a600.115 En19 _bBC _cC _d33724002246868 _eC _fv.7 _gI. 258511 _h115435 _i113334 _sb _t$78,532.22 |
||
| 949 |
_a600.115 En19 _bBC _cC _d33724002246900 _eC _fv.6 _gI. 258511 _h115434 _i113334 _sb _t$78,532.22 |
||
| 949 |
_a600.115 En19 _bBC _cC _d33724002246941 _eC _fv.5 _gI. 258511 _h115433 _i113334 _sb _t$78,532.22 |
||
| 949 |
_a600.115 En19 _bBC _cC _d33724002246983 _eC _fv.4 _gI. 258511 _h115432 _i113334 _sb _t$78,532.22 |
||
| 999 |
_c101673 _d101673 |
||